|
|
|
|
| LEADER |
00000nam a2200000 a 4500 |
| 001 |
vtls009005104 |
| 003 |
SK-MaSNL |
| 005 |
20260301183555.0 |
| 008 |
251031s2007 xo a g 000 0 slo |
| 015 |
|
|
|a SNBA2007/08-03843
|
| 020 |
|
|
|a 9788080851996 (viaz.)
|
| 035 |
|
|
|a urn:nbn:sk:snk-am00d5pb
|
| 035 |
|
|
|a urn:nbn:sk:snk-am3hqk8
|
| 035 |
|
|
|a 57CF604B-593D-41E2-BCF2-F46EA7517F11
|
| 040 |
|
|
|a SNK
|b slo
|c SNK
|e AACR2
|
| 041 |
1 |
|
|a slo
|h eng
|
| 044 |
|
|
|a xo
|c SK
|
| 072 |
|
7 |
|a 17
|x Etika. Morálna filozofia
|2 konspekt
|
| 080 |
|
|
|a 177.63
|2 2001
|
| 080 |
|
|
|a 316.472.4
|2 2001
|
| 080 |
|
|
|a 17.02
|2 2001
|
| 080 |
|
|
|a (0:82-84)
|2 2001
|
| 130 |
0 |
|
|a Friend
|l Slovensky
|9 558999
|
| 245 |
1 |
0 |
|a s priateľmi-
|c [zostavila Helen Exley] ; ilustrácie Joanna Kidney ; [z anglického originálu preložila Sláva Vlčková]
|
| 250 |
|
|
|a 1. vyd.
|
| 260 |
|
|
|a Bratislava
|b Slovart
|c 2007
|
| 300 |
|
|
|a [89] s.
|b fareb. ilustr.
|c 11 cm
|
| 490 |
1 |
|
|a Darčekové knižky Helen Exleyovej
|
| 650 |
0 |
7 |
|a priateľstvo
|2 SNKPH
|9 23357
|
| 650 |
0 |
7 |
|a interpersonálne vzťahy
|2 SNKPH
|9 3770
|
| 650 |
0 |
7 |
|a životná múdrosť
|2 SNKPH
|9 4008
|
| 655 |
|
7 |
|a citáty
|2 SNKPH
|9 70419
|
| 700 |
1 |
|
|a Exley, Helen
|4 com
|9 317615
|
| 700 |
1 |
|
|a Kidney, Joanna
|4 ill
|9 338174
|
| 700 |
1 |
|
|a Vlčková, Sláva
|4 trl
|9 481246
|
| 830 |
|
0 |
|a Darčekové knižky Helen Exleyovej
|9 405160
|
| 919 |
|
|
|a 978-80-8085-199-6
|
| 958 |
|
|
|a UP
|
| 968 |
|
|
|b ENG
|d 821
|
| 999 |
|
|
|c 857553
|d 859483
|
| 952 |
|
|
|a SNK
|b SNK
|y PREZ
|7 0
|p 17A0555993
|o snkSE 11450
|i snk2007/16797
|8 0
|0 0
|1 0
|4 0
|d 2007-07-04
|f 1
|l 0
|r 2026-02-24 05:01:44
|w 2026-02-24
|
| 952 |
|
|
|a SNK
|b SNK
|y VYP
|7 0
|p 17A0555994
|o snkSE 11450 D1
|i snk2007/16798
|8 0
|0 0
|1 0
|4 0
|d 2007-07-04
|l 0
|r 2026-02-24 05:01:44
|w 2026-02-24
|